[Event "Dallas Novice"]
[Site "?"]
[Date "2000.10.29"]
[Round "4"]
[White "Chua, Paul"]
[Black "Veach, Michael"]
[Result "1-0"]
[WhiteElo "1119"]
[BlackElo "1100"]
[PlyCount "39"]

1. e4 d6 2. d4 Nf6 3. Nc3 g6 4. Bc4 Bg7 5. Nf3 O-O 6. Bg5 c6 7. Qd2 b5 8. Bb3
b4 9. Ne2 Nxe4 10. Qxb4 c5 11. dxc5 Nxc5 12. O-O-O Nc6 13. Qh4 Na5 14. Bd5 Rb8
15. Ned4 Na4 16. Bxe7 Bh6+ 17. Qxh6 Qxe7 18. Ng5 Re8 19. Qxh7+ Kf8 20. Qh8# 1-0

[Event "Dallas Amateur"]
[Site "?"]
[Date "2000.10.29"]
[Round "4"]
[White "Alexander, Martin"]
[Black "Yeh, Peter"]
[Result "0-1"]
[WhiteElo "1578"]
[BlackElo "1635"]
[PlyCount "31"]

1. d4 d5 2. c4 dxc4 3. e3 c5 4. Nf3 Nc6 5. Nc3 cxd4 6. Nxd4 Nxd4 7. Qxd4 Be6 8.
Qe4 Qc7 9. Nb5 Qa5+ 10. Nc3 Qc7 11. Nb5 Qa5+ 12. Nc3 Qa6 13. Be2 Nf6 14. Qc2 g6
15. Na4 Bg7 16. Nc5 0-1

[Event "Dallas Open"]
[Site "?"]
[Date "2000.10.29"]
[Round "4"]
[White "Whatley, Andrew"]
[Black "Irby, T Samuel"]
[Result "1-0"]
[WhiteElo "2334"]
[BlackElo "1784"]
[PlyCount "55"]

1. d4 c5 2. d5 Nf6 3. Nc3 e6 4. e4 exd5 5. e5 d4 6. exf6 dxc3 7. Qe2+ Be7 8.
fxe7 Qa5 9. Qb5 Qc7 10. bxc3 b6 11. Ne2 Ba6 12. Qa4 Qb7 13. Ng3 Bxf1 14. Kxf1
Qd5 15. Bf4 Nc6 16. Re1 g6 17. Ne4 Kxe7 18. Bg5+ Kf8 19. Bh6+ Ke7 20. Nf6+ Kxf6
21. Qf4+ Qf5 22. Qd6+ Qe6 23. Rxe6+ fxe6 24. Qxd7 Rad8 25. Qg7+ Kf5 26. Qf7+
Ke4 27. Qxe6+ Ne5 28. f3# 1-0

[Event "Dallas Novice"]
[Site "?"]
[Date "2000.10.29"]
[Round "4"]
[White "Jamison, David"]
[Black "Appelbaum, Todd"]
[Result "0-1"]
[WhiteElo "966"]
[BlackElo "1349"]
[PlyCount "68"]

1. d4 d5 2. c4 c6 3. Nc3 Nf6 4. Bg5 dxc4 5. e4 b5 6. b4 e6 7. a3 Nbd7 8. Nf3 a5
9. bxa5 Qxa5 10. Bd2 Bb4 11. Rc1 Bxc3 12. Bxc3 Qxa3 13. Qd2 Nxe4 14. Qc2 Nxc3
15. Qxc3 Qxc3+ 16. Rxc3 Nb6 17. Be2 b4 18. Rc1 c3 19. O-O O-O 20. d5 Nxd5 21.
Nd4 Bd7 22. Bf3 c5 23. Nb3 c4 24. Nd4 b3 25. Bxd5 exd5 26. Ne2 c2 27. Nc3 d4
28. Ne2 d3 29. Nc3 d2 30. Ra1 Rxa1 31. Rxa1 b2 32. Rf1 c1=Q 33. Ne2 Qxf1+ 34.
Kxf1 d1=Q# 0-1

[Event "Dallas Amateur"]
[Site "?"]
[Date "2000.10.29"]
[Round "4"]
[White "Schwetke, Douglas"]
[Black "Pershwitz, Gene"]
[Result "1/2-1/2"]
[WhiteElo "1527"]
[BlackElo "1458"]
[PlyCount "52"]

1. d4 d5 2. c4 e6 3. Nc3 Nf6 4. cxd5 Nxd5 5. e4 Nb6 6. Nf3 c5 7. Be3 cxd4 8.
Nxd4 Bb4 9. Qb3 Bc5 10. Qb5+ N8d7 11. Nxe6 fxe6 12. Bxc5 Qc7 13. Bd6 Qxd6 14.
Rd1 Qc5 15. Qxc5 Nxc5 16. Nb5 O-O 17. Nd6 Rd8 18. e5 Nbd7 19. f4 b6 20. Bb5 Ba6
21. Bxa6 Nxa6 22. Nb7 Rdc8 23. Rxd7 Rc1+ 24. Rd1 Rac8 25. O-O Rxd1 26. Rxd1 Rc2
1/2-1/2

[Event "Dallas Amateur"]
[Site "?"]
[Date "2000.10.29"]
[Round "4"]
[White "Phillips, David"]
[Black "Chin, Ming"]
[Result "1-0"]
[WhiteElo "1935"]
[BlackElo "1774"]
[PlyCount "81"]

1. e4 c6 2. d4 d5 3. exd5 cxd5 4. Bd3 Nf6 5. c3 g6 6. Bf4 Bg7 7. Nf3 O-O 8. O-O
Nc6 9. Re1 Bg4 10. Nbd2 Qd7 11. h3 Bf5 12. Nf1 Bxd3 13. Qxd3 Ne4 14. Ng3 Nd6
15. Re2 e6 16. Rae1 a6 17. Ne5 Nxe5 18. Bxe5 Rfc8 19. Bxg7 Kxg7 20. Qe3 Qd8 21.
Qf4 Ne8 22. Re3 Rc7 23. Rf3 Rac8 24. Rxe6 Qd7 25. Re1 Rc6 26. Rfe3 Re6 27. Rxe6
fxe6 28. Qe5+ Kf7 29. Re3 Ng7 30. Rf3+ Kg8 31. Qf6 Qe8 32. Ne2 Qf8 33. Qe5 Qe7
34. Re3 Qc7 35. Qxc7 Rxc7 36. Nf4 Kf7 37. Nd3 Ke7 38. Ne5 Rc8 39. Rf3 Rf8 40.
Rxf8 Kxf8 41. Nd7+ 1-0

[Event "Dallas Amateur"]
[Site "?"]
[Date "2000.10.29"]
[Round "4"]
[White "Echeverry, Alex"]
[Black "Chua, Alexander"]
[Result "0-1"]
[WhiteElo "1472"]
[BlackElo "1783"]
[PlyCount "152"]

1. e4 c6 2. d4 d5 3. exd5 cxd5 4. Bd3 Nf6 5. Bf4 Nc6 6. c3 Bg4 7. Qb3 Qd7 8.
Na3 a6 9. Qa4 e6 10. Nc2 Be7 11. Ne3 Bh5 12. Nf3 O-O 13. g4 Ne5 14. Qd1 Nxd3+
15. Qxd3 Bg6 16. Qf1 Qb5 17. Qxb5 axb5 18. Ne5 b4 19. h4 h5 20. f3 bxc3 21.
bxc3 hxg4 22. N3xg4 Nxg4 23. Nxg4 Rfc8 24. Kd2 Ra3 25. h5 Bh7 26. Rhc1 Rca8 27.
Rab1 Bxb1 28. Rxb1 Rxa2+ 29. Kd3 R2a7 30. h6 g5 31. Be5 Kh7 32. Rh1 Rg8 33. Bf6
Bf8 34. Be5 Be7 35. Bf6 b5 36. Rh5 Rg6 37. Bg7 f6 38. Rh1 Ra3 39. Re1 f5 40.
Ne5 Rxg7 41. hxg7 Kxg7 42. Nc6 Kf7 43. Ne5+ Ke8 44. Nc6 Kd7 45. Ne5+ Kc7 46.
Ng6 Bb4 47. Rc1 Ba5 48. Kd2 Kd6 49. Ne5 b4 50. cxb4 Bxb4+ 51. Ke2 Bc3 52. Nf7+
Ke7 53. Nxg5 Bxd4 54. Rc6 Re3+ 55. Kd2 f4 56. Rc7+ Kd6 57. Rf7 e5 58. Rf6+ Kc5
59. Ne6+ Kc4 60. Nc7 Bc3+ 61. Kc2 Re2+ 62. Kb1 Kb3 63. Rb6+ Bb4 64. Rxb4+ Kxb4
65. Nxd5+ Kc4 66. Nf6 Kd4 67. Ng4 Rg2 68. Kc1 e4 69. Nh6 exf3 70. Nf5+ Ke4 71.
Nh4 Rg4 72. Nf5 Kxf5 73. Kd2 Rg2+ 74. Ke1 Ke4 75. Kf1 Ke3 76. Ke1 Rg1# 0-1

[Event "Dallas Novice"]
[Site "?"]
[Date "2000.10.28"]
[Round "3"]
[White "Gorrell, David"]
[Black "Ballom, Stephanie"]
[Result "1-0"]
[WhiteElo "1293"]
[BlackElo "1235"]
[PlyCount "70"]

1. d4 Nf6 2. Nc3 e5 3. dxe5 Ng4 4. e3 Nxe5 5. Nh3 Bb4 6. Bd2 d6 7. Nf4 Nbd7 8.
a3 Bxc3 9. Bxc3 a6 10. Be2 b5 11. b3 Bb7 12. O-O O-O 13. f3 Qg5 14. Bd2 Ng6 15.
Nxg6 fxg6 16. e4 Qc5+ 17. Kh1 d5 18. Bb4 Qb6 19. Bxf8 Rxf8 20. exd5 Rf5 21. c4
bxc4 22. Bxc4 Qd6 23. Qd4 Nf6 24. Rad1 Bxd5 25. Bxd5+ Rxd5 26. Qc4 c6 27. Rxd5
cxd5 28. Qa4 d4 29. Rd1 d3 30. Qc4+ Kf8 31. Rxd3 Qe7 32. Qb4 Kf7 33. Qxe7+ Kxe7
34. Rd4 Ke6 35. Ra4 Ke5 {and White went on to win.} 1-0

[Event "Dallas Amateur"]
[Site "?"]
[Date "2000.10.29"]
[Round "4"]
[White "Stevens, Cliff"]
[Black "Gorrell, David"]
[Result "0-1"]
[WhiteElo "1172"]
[BlackElo "1293"]
[PlyCount "73"]

1. c4 e5 2. Nf3 Nc6 3. g3 Nf6 4. Bg2 Bc5 5. O-O d6 6. Nc3 O-O 7. d3 Bg4 8. Bg5
h6 9. Bxf6 Qxf6 10. Nd5 Qd8 11. a3 a5 12. b4 axb4 13. axb4 Rxa1 14. Qxa1 Nxb4
15. Nxb4 Bxb4 16. Qb2 c5 17. Ne1 b5 18. cxb5 Qb6 19. Bf3 Bxf3 20. Nxf3 Qxb5 21.
Nd2 Qc6 22. Rc1 Ra8 23. Qc2 d5 24. e3 Rc8 25. f3 c4 26. dxc4 Bxd2 27. Qxd2 dxc4
28. Kf2 c3 29. Qd3 Kf8 30. Qd1 Rb8 31. Rxc3 Rb2+ 32. Kg1 Qb6 33. Rc1 Qxe3+ 34.
Kh1 Rd2 35. Qxd2 Qxd2 36. Rf1 f5 37. h3 0-1

[Event "Dallas Open"]
[Site "?"]
[Date "2000.10.29"]
[Round "4"]
[White "Dokuchayev, Andrey"]
[Black "Ahmed, Jahangir"]
[Result "1-0"]
[WhiteElo "2273"]
[BlackElo "2000"]
[PlyCount "155"]

1. d4 d5 2. c4 dxc4 3. Nf3 Nf6 4. Nc3 c6 5. a4 Bf5 6. e3 e6 7. Bxc4 Bb4 8. O-O
O-O 9. Qb3 Qe7 10. Ne5 Nbd7 11. Nxd7 Nxd7 12. e4 Bxc3 13. exf5 Bxd4 14. fxe6
fxe6 15. Qxb7 Rxf2 16. Rxf2 Rf8 17. Qxc6 Rxf2 18. Kh1 Nf8 19. Qe4 Qf6 20. Be3
Bxe3 21. Qxe3 Qxb2 22. Rg1 Qb6 23. Qe4 Rf6 24. h3 h6 25. Rb1 Rf4 26. Qe1 Qc6
27. Bb5 Qd5 28. Rc1 Re4 29. Qf2 Qg5 30. Rf1 Qe7 31. Qf3 Rd4 32. Qe3 Rd6 33. Qe4
a6 34. Bc4 Qd7 35. Qa8 Qd8 36. Qb7 Qd7 37. Qf3 Ng6 38. Qa8+ Kh7 39. Bb3 Qc6 40.
Qxc6 Rxc6 41. Kg1 e5 42. Re1 Rc3 43. Bd5 Ra3 44. Bc6 Rc3 45. Bd7 h5 46. Bf5 Rc5
47. Rb1 Rc6 48. a5 Kg8 49. Rb6 Ne7 50. Be4 Rf6 51. Bb7 Kf8 52. Bxa6 Nc6 53. Rb5
Nd4 54. Rb8+ Ke7 55. Bd3 Nc6 56. Rb7+ Kd6 57. a6 Rf4 58. Bb5 Rd4 59. Bxc6 Kxc6
60. Rxg7 Ra4 61. Rg5 h4 62. Rxe5 Kd6 63. Rg5 Ke7 64. Rg4 Rxa6 65. Rxh4 Ra3 66.
Rf4 Ke6 67. Kf2 Ke5 68. Rf3 Ra7 69. g4 Rh7 70. Kg3 Ke4 71. Rf8 Rb7 72. Re8+ Kd5
73. g5 Kd6 74. h4 Rb4 75. g6 Kd7 76. g7 Kxe8 77. g8=Q+ Kd7 78. Qd5+ 1-0

[Event "Dallas Amateur"]
[Site "?"]
[Date "2000.10.29"]
[Round "4"]
[White "Yeh, Albert"]
[Black "Thomas, Rodney"]
[Result "0-1"]
[WhiteElo "1744"]
[BlackElo "1811"]
[PlyCount "98"]

1. e4 c5 2. Nf3 Nc6 3. d4 cxd4 4. Nxd4 Nf6 5. Nc3 e5 6. Ndb5 d6 7. Bg5 a6 8.
Na3 b5 9. Nd5 Be7 10. Bxf6 Bxf6 11. c3 Bg5 12. h4 Bxh4 13. Nc2 Rb8 14. a4 Bg5
15. axb5 axb5 16. Ncb4 Nxb4 17. Nxb4 Qc7 18. Qd5 Qc5 19. Qxc5 dxc5 20. Nc6 Rb7
21. Ra7 c4 22. Rh5 h6 23. Ra8 O-O 24. Be2 g6 25. Rh1 f6 26. Bf3 Rc7 27. Nb4 Bb7
28. Ra2 Rd8 29. Ra5 Rd2 30. Rxb5 Rxb2 31. Nd5 Rxb5 32. Nxc7 Rb1+ 33. Bd1 Bxe4
34. f3 Bc2 35. Ke2 Bd3+ 36. Ke1 Bf4 37. Nd5 Bg3+ 38. Kd2 Kg7 39. Rh3 Rb2+ 40.
Kc1 Rxg2 41. Rh1 h5 42. Ba4 h4 43. Bd7 Ra2 44. Rh3 Bf1 45. Rh1 Bg2 46. Rd1 Ra1+
47. Kc2 Rxd1 48. Ne3 Rxd7 49. Kb2 Bxf3 0-1

[Event "Dallas Amateur"]
[Site "?"]
[Date "2000.10.29"]
[Round "5"]
[White "Alexander, Martin"]
[Black "Schwetke, Douglas"]
[Result "1-0"]
[WhiteElo "1635"]
[BlackElo "1527"]
[PlyCount "29"]

1. d4 Nf6 2. c4 g6 3. Nc3 d5 4. e3 Bg7 5. Nf3 O-O 6. cxd5 Nxd5 7. Bc4 Nxc3 8.
bxc3 Nc6 9. O-O b6 10. Ng5 Bb7 11. f4 Qd7 12. Qb3 Na5 13. Bxf7+ Rxf7 14. Qxf7+
Kh8 15. Ne6 1-0

[Event "Dallas Open"]
[Site "?"]
[Date "2000.10.29"]
[Round "5"]
[White "Thomas, Rodney"]
[Black "Phillips, David W"]
[Result "1/2-1/2"]
[WhiteElo "1811"]
[BlackElo "1935"]
[PlyCount "30"]

1. Nf3 Nf6 2. c4 c5 3. Nc3 Nc6 4. g3 g6 5. Bg2 Bg7 6. d3 O-O 7. O-O d6 8. e4 a6
9. Be3 Rb8 10. Rc1 b5 11. cxb5 axb5 12. e5 Ng4 13. exd6 Nxe3 14. fxe3 exd6 15.
d4 cxd4 1/2-1/2

[Event "Dallas Amateur"]
[Site "?"]
[Date "2000.10.29"]
[Round "5"]
[White "Pershwitz, Gene"]
[Black "Echeverry, Alex"]
[Result "0-1"]
[WhiteElo "1458"]
[BlackElo "1472"]
[PlyCount "48"]

1. e4 c5 2. Nf3 Nc6 3. d4 cxd4 4. Nxd4 e6 5. Nc3 a6 6. a3 Nf6 7. f3 Be7 8. Be3
O-O 9. Bc4 b5 10. Bb3 Qb6 11. Qd2 Bc5 12. Nce2 d5 13. exd5 exd5 14. c3 a5 15.
O-O Ba6 16. Rfe1 Rfe8 17. Kh1 b4 18. cxb4 axb4 19. Rac1 Bxe2 20. Rxc5 Qxc5 21.
Rc1 Bc4 22. axb4 Qxb4 23. Bxc4 Qxd2 24. Bxd2 Nxd4 0-1

[Event "Dallas Open"]
[Site "?"]
[Date "2000.10.29"]
[Round "5"]
[White "Chin, Ming"]
[Black "Dokuchayev, Andrey"]
[Result "0-1"]
[WhiteElo "1774"]
[BlackElo "2273"]
[PlyCount "41"]

1. d4 e6 2. e4 d5 3. Nc3 Bb4 4. a3 Bxc3+ 5. bxc3 dxe4 6. Qg4 Nf6 7. Qxg7 Rg8 8.
Qh6 Nbd7 9. Ne2 c5 10. Bg5 Rg6 11. Qh4 Qa5 12. Bd2 Qa4 13. Ra2 b6 14. Nf4 Rg4
15. Qh3 Ba6 16. Bxa6 Qxa6 17. f3 Rg8 18. fxe4 cxd4 19. cxd4 Qc4 20. Ra1 Qxd4
21. Bc3 0-1

[Event "Dallas Amateur"]
[Site "?"]
[Date "2000.10.29"]
[Round "5"]
[White "Chua, Alexander"]
[Black "Jennings, Michael"]
[Result "1-0"]
[WhiteElo "1783"]
[BlackElo "1414"]
[PlyCount "75"]

1. e4 d5 2. exd5 Nf6 3. c4 e6 4. d4 exd5 5. Nc3 Be7 6. Be3 Nc6 7. Nf3 O-O 8.
cxd5 Nxd5 9. Bd3 h6 10. h3 Bb4 11. O-O Bxc3 12. bxc3 Nxc3 13. Qb3 Nd5 14. Rac1
Nb6 15. Bb1 Be6 16. Qd3 f5 17. Rfe1 Qf6 18. Ne5 Nxe5 19. dxe5 Qf7 20. Qc2 Nd5
21. Bd2 c6 22. Kh2 Rad8 23. Rg1 Qd7 24. g4 Ne7 25. Bxh6 Ng6 26. Rcd1 Qc7 27.
Rxd8 Rxd8 28. gxf5 Qxe5+ 29. Rg3 Nh4 30. fxe6 Nf3+ 31. Kh1 Qe1+ 32. Kg2 Rd3 33.
Qxd3 Nh4+ 34. Kh2 Qxf2+ 35. Kh1 Qe1+ 36. Rg1 Qxe6 37. Qd8+ Kf7 38. Rxg7# 1-0

[Event "Dallas Novice"]
[Site "?"]
[Date "2000.10.29"]
[Round "4"]
[White "Chua, Paul"]
[Black "Ballom, Stephanie"]
[Result "0-1"]
[WhiteElo "1119"]
[BlackElo "1235"]
[PlyCount "46"]

1. e4 c5 2. f4 d6 3. Bc4 e6 4. Nf3 Nc6 5. Nc3 Qc7 6. O-O Nf6 7. f5 e5 8. Ng5
Be7 9. Bxf7+ Kf8 10. Be6 h6 11. Qh5 Nxh5 12. Bxc8 hxg5 13. Be6 Nf4 14. d3 Nd4
15. Bc4 Nde2+ 16. Kh1 Ng3+ 17. Kg1 Nxf1 18. Kxf1 Rxh2 19. Bxf4 gxf4 20. Nd5 Qa5
21. Kf2 Qd2+ 22. Kf3 Rxg2 23. Rf1 Qe2# 0-1

[Event "Dallas Amateur"]
[Site "?"]
[Date "2000.10.29"]
[Round "5"]
[White "Woods, Charles E"]
[Black "Uhler, Lloyd"]
[Result "0-1"]
[WhiteElo "1420"]
[BlackElo "1658"]
[PlyCount "44"]

1. e4 d6 2. d4 Nf6 3. Nc3 Nbd7 4. f4 e5 5. Nf3 exd4 6. Qxd4 c6 7. Bc4 Be7 8.
Bxf7+ Kxf7 9. Ng5+ Kg8 10. Qc4+ d5 11. exd5 Nb6 12. Qb3 Nbxd5 13. Nxd5 Qxd5 14.
c4 Qxg2 15. Rf1 h6 16. Nf3 Bh3 17. Rg1 Bb4+ 18. Bd2 Re8+ 19. Kd1 Qe2+ 20. Kc1
Bxd2+ 21. Nxd2 Bf5 22. Qxb7 Qe1+ 0-1

[Event "Dallas Novice"]
[Site "?"]
[Date "2000.10.29"]
[Round "5"]
[White "Gorrell, David"]
[Black "Appelbaum, Todd"]
[Result "1/2-1/2"]
[WhiteElo "1293"]
[BlackElo "1349"]
[PlyCount "133"]

1. d4 d5 2. e3 Nf6 3. Bd3 e6 4. Nd2 c5 5. c3 c4 6. Bc2 Bd6 7. f4 Bd7 8. Ngf3
Nc6 9. Ne5 Ne7 10. O-O Ng6 11. Qe1 b5 12. b3 Qa5 13. Bb2 Ba3 14. b4 Qa6 15.
Bxa3 Qxa3 16. Ndf3 a5 17. Nxd7 Nxd7 18. Ne5 Ndxe5 19. fxe5 axb4 20. cxb4 Qb2
21. Qf2 O-O 22. Rfb1 Qc3 23. e4 Ne7 24. exd5 Nxd5 25. Be4 Ra4 26. Bxd5 exd5 27.
Qb2 Qe3+ 28. Qf2 Qd3 29. Rf1 Rxb4 30. e6 f6 31. Rad1 Qe4 32. Rfe1 Qg6 33. Qf3
Rb2 34. e7 Re8 35. Qxd5+ Kh8 36. Re3 Rxa2 37. Rg3 Qc2 38. Rf1 Qe2 39. Qxb5 Rxe7
40. Qb8+ Re8 41. Qc7 Rg8 42. d5 Qe4 43. Qc5 Rd2 44. d6 Qd4+ 45. Qxd4 Rxd4 46.
Rc3 Rd8 47. Rfc1 R8xd6 48. Rxc4 Rxc4 49. Rxc4 h6 50. Kf2 Kh7 51. Kf3 g5 52. h3
Kg6 53. g4 Rd3+ 54. Kg2 Re3 55. Rc6 Re4 56. Kg3 Rf4 57. Rc8 Rf1 58. Kg2 Re1 59.
Kf2 Re7 60. Kg3 h5 61. gxh5+ Kxh5 62. Rh8+ Kg6 63. h4 Re3+ 64. Kg2 Re2+ 65. Kg3
gxh4+ 66. Rxh4 Re3+ 67. Kf4 {Black stopped notating. He was under 5 minutes in
Sudden death time pressure. The game was soon drawn.} 1/2-1/2

[Event "Dallas Amateur"]
[Site "?"]
[Date "2000.10.29"]
[Round "5"]
[White "Ferriz, Mario"]
[Black "Smeltzer, Robert W"]
[Result "0-1"]
[WhiteElo "1767"]
[BlackElo "1600"]
[PlyCount "87"]

1. e4 c6 2. d3 e5 3. Nf3 d6 4. g3 h6 5. Bg2 Be7 6. O-O g5 7. Nc3 Bg4 8. h3 Be6
9. Kh2 h5 10. Ng1 Nd7 11. d4 Qc7 12. Qd3 exd4 13. Qxd4 Bf6 14. Qe3 b6 15. f4
gxf4 16. Qxf4 Be5 17. Qf3 h4 18. Bf4 hxg3+ 19. Qxg3 O-O-O 20. Rad1 Ne7 21. Bxe5
Nxe5 22. Nge2 Rdg8 23. Qxg8+ Rxg8 24. Nf4 Bc4 25. Nce2 Rh8 26. Kg1 N7g6 27. Rd2
Nh4 28. Bh1 f6 29. Kf2 b5 30. Ke1 Bf7 31. b3 a5 32. Nd3 Qe7 33. Kd1 Bh5 34. Kc1
Nxd3+ 35. cxd3 Qg7 36. Kc2 b4 37. Rg1 Qa7 38. Rc1 Kd7 39. Kb1 Qe3 40. Rdc2 c5
41. d4 Rc8 42. e5 fxe5 43. Bb7 Rc7 44. dxc5 {and Black went on to win.} 0-1

[Event "Dallas Amateur"]
[Site "?"]
[Date "2000.10.29"]
[Round "5"]
[White "Neil, Wilson"]
[Black "Chairez, Carmen"]
[Result "1-0"]
[WhiteElo "1600"]
[BlackElo "1632"]
[PlyCount "106"]

1. c4 e5 2. Nc3 Nf6 3. Nf3 d6 4. d4 e4 5. Ng5 Bf5 6. Qc2 Nc6 7. e3 Qe7 8. f3 h6
9. Ngxe4 Bxe4 10. fxe4 O-O-O 11. Be2 g5 12. Bd2 Bg7 13. O-O-O Rhe8 14. e5 dxe5
15. d5 Nb4 16. Qa4 Na6 17. e4 Qd7 18. Qc2 c5 19. Rhf1 Kb8 20. h3 Nc7 21. Rf2
Ng8 22. Rdf1 f6 23. Be3 b6 24. Qb3 Na6 25. a3 Rf8 26. Na4 Qd6 27. Nc3 Nc7 28.
Bd3 Ne7 29. Ne2 Qd7 30. Ng3 Ne8 31. Bxc5 Nd6 32. Be3 Ng6 33. c5 Rc8 34. Kb1 Ne8
35. Be2 Qb7 36. c6 Qc7 37. a4 Nf4 38. Ba6 Nd6 39. Bxc8 Kxc8 40. Rc1 f5 41. exf5
e4 42. Bxf4 gxf4 43. Ne2 Re8 44. Nxf4 Bf6 45. Ne6 Qh7 46. g4 Qe7 47. Qa3 Rg8
48. a5 b5 49. Re1 Bh4 50. f6 Bxf6 51. Ref1 Bh4 52. Rf8+ Ne8 53. Qxe7 Bxe7 1-0